000 01991cam a2200493 a 4500
001 data
005 20260322212107.0
008 data
035 _a12640147
906 _a7
_bcbc
_ccopycat
_d3
_encip
_f20
_gy-rlinjack
925 0 _aacquire
_b1 shelf copy
_xpolicy default
955 _dyg11 2002-01-11
_eyg08 2002-01-14 to BCCD
010 _a 2002321028
020 _a4766804570
020 _a9784766804577
035 _a(CStRLIN)DCLP02-B413
040 _aJaToTRC
_cJaToTRC
_dDLC
_dNNC-L
_dDLC-R
_dDLC
042 _alccopycat
043 _ae-gx---
_ae-gx---
050 0 0 _aKNX858
_b.G46 2000
066 _c$1
245 0 0 _6880-01
_aGendai keiyakuhō no tenkai :
_bYoshimi Seikō Sensei koki kinen ronbunshū /
_c[Yoshimi Seikō Sensei Koki Kinen Ronbunshū Kankō Iinkai].
880 0 0 _6245-01/$1
_a$1!KG!0s!95!Pt!G*i$N!;Z!^S(B :
_b$1!9H!R;KGa!2r!2t!Ky!5.!O6!X<!>'!Y$!BX!_A(B /
_c[$1!9H!R;KGa!2r!2t!Ky!5.!O6!X<!>'!Y$!BX!_A!3U!WD!9f!6>'CZ(B].
260 _6880-02
_aTōkyō :
_bKeizai Hōrei Kenkyūkai,
_c2000.
880 _6260-02/$1
_a$1!D&!0a(B :
_b$13Q<?I&!G*!0nKN7!ON'CZ(B,
_c2000.
300 _aviii, 506 p. :
_bill. ;
_c22 cm.
336 _atext
_btxt
_2rdacontent
337 _aunmediated
_bn
_2rdamedia
338 _avolume
_bnc
_2rdacarrier
504 _aList of works by S. Yoshimi: p. 488-504.
504 _aIncludes bibliographical references.
650 0 _aContracts
_zJapan.
650 0 _aContracts
_zGermany.
650 0 _aContracts.
650 0 _aContracts (International law)
650 0 _aConflict of laws
_xContracts.
700 1 _6880-03
_aYoshimi, Seikō,
_d1929-
880 1 _6700-03/$1
_a$1!9H!R;KGa!2r(B,
_d1929-
710 2 _6880-04
_aYoshimi Seikō Sensei Koki Kinen Ronbunshū Kankō Iinkai.
880 2 _6710-04/$1
_a$1!9H!R;KGa!2r!2t!Ky!5.!O6!X<!>'!Y$!BX!_A!3U!WD!9f!6>'CZ(B.
923 _d20011109
_n30961641
_sJPTC
985 _aspacingreload
999 _c1571
_d1571